[Event "Torneo Nuevo Centro. Jornada 7"]
[Site "Chess.com"]
[Date "2020.07.31"]
[Round "1"]
[White "Chernikov, Vladimir"]
[Black "Birnoveanu, Petru"]
[Result "1-0"]
[WhiteElo "2212"]
[BlackElo "1655"]
[PlyCount "113"]
[EventDate "2020.??.??"]

1. c4 g6 2. Nc3 Bg7 3. g3 c5 4. Bg2 Nc6 5. e3 e5 6. Nge2 d6 7. b3 Nge7 8. Bb2
O-O 9. O-O Be6 10. Rc1 Qd7 11. Nd5 Bh3 12. Nxe7+ Nxe7 13. d4 Bxg2 14. Kxg2 cxd4
15. exd4 e4 16. Qc2 f5 17. d5 g5 18. Bxg7 Kxg7 19. Qc3+ Kg8 20. Nd4 Ng6 21. Ne6
Rfe8 22. Qf6 f4 23. Qxg5 f3+ 24. Kh1 Rxe6 25. dxe6 Qxe6 26. Qd5 Re8 27. Rfd1
Re7 28. Qxe6+ Rxe6 29. Rc3 Ne5 30. Kg1 Nd3 31. Kf1 Kf7 32. a3 h5 33. h4 b6 34.
b4 Kf6 35. Rb1 a6 36. a4 Ke5 37. a5 Kd4 38. Rc2 d5 39. axb6 dxc4 40. b7 Rb6 41.
Ra2 Rxb7 42. Rxa6 Nxb4 43. Ra4 Kc3 44. g4 hxg4 45. h5 e3 46. fxe3 g3 47. h6 Rh7
48. Rbxb4 Rxh6 49. Rxc4+ Kd3 50. Rh4 Rc6 51. Ra3+ Kd2 52. Rd4+ Kc2 53. Rad3 Rb6
54. Rd2+ Kc3 55. R4d3+ Kc4 56. Rd1 Rb2 57. e4 1-0

[Event "Torneo Nuevo Centro. Jornada 7"]
[Site "Chess.com"]
[Date "2020.07.31"]
[Round "2"]
[White "Luque Saiz, Andrés"]
[Black "Montesinos Diaz, Luis"]
[Result "1-0"]
[WhiteElo "2017"]
[BlackElo "1788"]
[PlyCount "29"]
[EventDate "2020.??.??"]

1. e4 c6 2. d4 d5 3. Nd2 dxe4 4. Nxe4 Bf5 5. Ng3 Bg6 6. Nh3 Nd7 7. c3 Ngf6 8.
Bc4 h6 9. O-O e6 10. Nf4 Bh7 11. Re1 Be7 12. Qb3 Nb6 13. Bxe6 fxe6 14. Nxe6 Qd5
15. Nc7+ 1-0

[Event "Torneo Nuevo Centro. Jornada 7"]
[Site "Chess.com"]
[Date "2020.07.31"]
[Round "2"]
[White "Soliva Ruiz, Ramon"]
[Black "Fitzpatrick Dimas, Kevin"]
[Result "1-0"]
[WhiteElo "1449"]
[BlackElo "896"]
[PlyCount "41"]
[EventDate "2020.??.??"]

1. d4 d5 2. Bf4 Nc6 3. e3 Bf5 4. c3 e6 5. Nf3 Bd6 6. Bg5 Nf6 7. Nbd2 O-O 8. Be2
h6 9. Bh4 g5 10. Bg3 Bxg3 11. hxg3 a5 12. a3 b5 13. Bxb5 Qd6 14. Bxc6 Qxc6 15.
Ne5 Qe8 16. g4 Nxg4 17. Nxg4 Bxg4 18. Qxg4 f5 19. Qh3 h5 20. Qxh5 Rf7 21. Qh8#
1-0

[Event "Torneo Nuevo Centro. Jornada 7"]
[Site "Chess.com"]
[Date "2020.07.31"]
[Round "2"]
[White "Bascuñana Sánchez, Pablo"]
[Black "Ursariu, Nikolas Victor"]
[Result "1-0"]
[WhiteElo "1648"]
[BlackElo "1023"]
[PlyCount "27"]
[EventDate "2020.??.??"]

1. e4 e5 2. Nf3 Nc6 3. Bc4 Bc5 4. c3 Nf6 5. d4 exd4 6. cxd4 Bb6 7. e5 Ng8 8.
Nc3 Nge7 9. Ng5 O-O 10. Qh5 h6 11. Nxf7 Rxf7 12. Bxf7+ Kh8 13. Bxh6 Qf8 14.
Bg5# 1-0

[Event "Torneo Nuevo Centro. Jornada 7"]
[Site "Chess.com"]
[Date "2020.07.31"]
[Round "2"]
[White "Martínez Escandell, Alfonso"]
[Black "Carbonell Bofill, Carlos Eloy"]
[Result "0-1"]
[WhiteElo "1785"]
[BlackElo "2013"]
[PlyCount "54"]
[EventDate "2020.??.??"]

1. e4 e6 2. Qe2 c5 3. c3 Nc6 4. Nf3 Be7 5. d4 cxd4 6. Nxd4 Nf6 7. Nf3 O-O 8.
Nd4 d5 9. e5 Ne4 10. Nxc6 bxc6 11. g3 a5 12. Bg2 Ba6 13. Qc2 Nc5 14. Be3 Nd3+
15. Kd2 Nxe5 16. Na3 Rb8 17. Bd4 Bxa3 18. bxa3 Rb2 19. Bxe5 Rxc2+ 20. Kxc2 f6
21. Bd4 Qd6 22. a4 e5 23. Be3 d4 24. cxd4 exd4 25. Bf4 Qc5+ 26. Kd1 d3 27. Rc1
Qxf2 0-1

[Event "Torneo Nuevo Centro. Jornada 7"]
[Site "Chess.com"]
[Date "2020.07.31"]
[Round "2"]
[White "Pedros Viudes, Santiago"]
[Black "Granero Roca, Antonio"]
[Result "0-1"]
[WhiteElo "1937"]
[BlackElo "2476"]
[PlyCount "56"]
[EventDate "2020.??.??"]

1. d4 Nf6 2. Nf3 g6 3. Bf4 Bg7 4. e3 d5 5. Be2 O-O 6. O-O c6 7. c4 Bf5 8. Qb3
Qb6 9. c5 Qxb3 10. axb3 Nbd7 11. h3 Ne4 12. b4 a6 13. Nbd2 Nxd2 14. Nxd2 e5 15.
dxe5 Nxe5 16. Nb3 Rfe8 17. Na5 Re7 18. g4 Be6 19. Rfd1 f5 20. g5 Rae8 21. f3
Bc8 22. Kf2 Nf7 23. Rd2 Be5 24. Bxe5 Rxe5 25. Ra3 Nxg5 26. f4 Ne4+ 27. Ke1 R5e7
28. Bf3 Nxd2 0-1

[Event "Torneo Nuevo Centro. Jornada 7"]
[Site "Chess.com"]
[Date "2020.07.31"]
[Round "2"]
[White "Birnoveanu, Petru"]
[Black "Fitzpatrick Dimas, Andrew"]
[Result "1-0"]
[WhiteElo "1656"]
[BlackElo "1146"]
[PlyCount "57"]
[EventDate "2020.??.??"]

1. e4 e5 2. Bc4 Nc6 3. Nf3 Bc5 4. O-O Nf6 5. d4 Bxd4 6. Nxd4 Nxd4 7. f4 exf4 8.
Qxd4 O-O 9. Bxf4 Nh5 10. Bd2 Qh4 11. Bc3 Qg4 12. h3 Qg5 13. Nd2 Nf6 14. Rf5 Qg6
15. Qf2 d5 16. Rxf6 gxf6 17. Bxd5 c6 18. Bb3 Bxh3 19. Nf3 Bg4 20. Nh4 Qxe4 21.
Qxf6 Qe3+ 22. Kh1 Qxc3 23. bxc3 Rae8 24. Qg5+ Kh8 25. Qxg4 Rg8 26. Qd4+ Rg7 27.
Nf5 Reg8 28. Bxf7 Rf8 29. Qxg7# 1-0

[Event "Torneo Nuevo Centro. Jornada 7"]
[Site "Chess.com"]
[Date "2020.07.31"]
[Round "2"]
[White "Fernández Martin, Carlos"]
[Black "Ríos Valle, Daniel"]
[Result "1-0"]
[WhiteElo "1777"]
[BlackElo "1199"]
[PlyCount "53"]
[EventDate "2020.??.??"]

1. e4 c5 2. Nc3 Nc6 3. g3 d6 4. Bg2 Bd7 5. f4 Nf6 6. Nf3 e6 7. O-O Qb6 8. Kh1
Be7 9. Na4 Qc7 10. c3 Nxe4 11. d4 cxd4 12. cxd4 Nf6 13. Nc3 O-O-O 14. d5 Nb4
15. Be3 Kb8 16. Rc1 Qa5 17. a3 Nbxd5 18. Bd2 Nxc3 19. Rxc3 Qb6 20. Rb3 Qa6 21.
Nd4 Ba4 22. Rxb7+ Kc8 23. b3 Bb5 24. Qc1+ Bc6 25. Nxc6 Kxb7 26. Nxd8+ Kb6 27.
Qc6# 1-0

[Event "Torneo Nuevo Centro. Jornada 7"]
[Site "Chess.com"]
[Date "2020.07.31"]
[Round "2"]
[White "Conejero Martínez, Víctor"]
[Black "Valverde Alcaide, Miguel Alejandro"]
[Result "1-0"]
[WhiteElo "1400"]
[BlackElo "873"]
[PlyCount "71"]
[EventDate "2020.??.??"]

1. d4 d5 2. c4 dxc4 3. e3 e5 4. Bxc4 exd4 5. Qxd4 Qxd4 6. exd4 Bb4+ 7. Nc3 Nf6
8. Nf3 O-O 9. O-O Re8 10. Ne5 Bxc3 11. Bxf7+ Kf8 12. bxc3 Re7 13. Bb3 Be6 14.
Ba3 Nc6 15. Bxe7+ Nxe7 16. Bxe6 Ne4 17. Rac1 c5 18. d5 c4 19. Rfe1 Nc5 20. Nd7+
Ke8 21. Nxc5 Rc8 22. Bxc8 Kd8 23. Bxb7 Nf5 24. Ne6+ Kd7 25. Rcd1 Nd6 26. Bc6+
Ke7 27. Nc5+ Kf6 28. Ne4+ Nxe4 29. Rxe4 Kf5 30. d6 Kf6 31. d7 Kg6 32. d8=Q Kh6
33. Rd6+ g6 34. Qf8+ Kg5 35. Re5+ Kg4 36. Rd4# 1-0

[Event "Torneo Nuevo Centro. Jornada 7"]
[Site "Chess.com"]
[Date "2020.07.31"]
[Round "2"]
[White "Grigorev, Artur"]
[Black "Vaquer Querol, Daniel"]
[Result "0-1"]
[WhiteElo "930"]
[BlackElo "1520"]
[PlyCount "42"]
[EventDate "2020.??.??"]

1. e4 c6 2. d4 d5 3. e5 c5 4. Nf3 Bg4 5. Be2 e6 6. Nc3 Nc6 7. O-O Bxf3 8. Bxf3
Nxd4 9. Be3 Nc6 10. a3 Nd4 11. Bxd4 cxd4 12. Qxd4 Qc7 13. Rad1 Bc5 14. Nb5 Qb6
15. Qa4 O-O-O 16. Nc3 Ne7 17. Ne2 Qc6 18. Qxc6+ Nxc6 19. Nc3 Nxe5 20. Nb5 Nxf3+
21. gxf3 a6 0-1

[Event "Torneo Nuevo Centro. Jornada 7"]
[Site "Chess.com"]
[Date "2020.07.31"]
[Round "2"]
[White "Polikarpova, Maria"]
[Black "Marques Montolio, Luis"]
[Result "0-1"]
[WhiteElo "814"]
[BlackElo "1413"]
[PlyCount "50"]
[EventDate "2020.??.??"]

1. e4 d5 2. exd5 Qxd5 3. Nc3 Qa5 4. Nf3 Bf5 5. Bb5+ c6 6. Ba4 e6 7. Bb3 Nf6 8.
d3 Bd6 9. Bg5 Nbd7 10. Bxf6 Nxf6 11. h3 h6 12. g4 Bg6 13. Qd2 O-O 14. O-O-O b5
15. a3 Nd5 16. Nxd5 Qxd2+ 17. Nxd2 exd5 18. Nf3 b4 19. axb4 Bxb4 20. Ne5 Rac8
21. Nd7 Rfe8 22. Nf6+ gxf6 23. d4 Bd6 24. Ba4 Re2 25. Bb5 cxb5 0-1

[Event "Torneo Nuevo Centro. Jornada 7"]
[Site "Chess.com"]
[Date "2020.07.31"]
[Round "2"]
[White "Hernández Tomás, Efrén"]
[Black "Amorós Pérez, Manuel David"]
[Result "1/2-1/2"]
[WhiteElo "1061"]
[BlackElo "1639"]
[PlyCount "124"]
[EventDate "2020.??.??"]

1. e4 d5 2. exd5 Qxd5 3. Nc3 Qd8 4. Be2 Nf6 5. Nf3 Bf5 6. O-O e6 7. d3 c6 8.
Bf4 Bd6 9. Bxd6 Qxd6 10. Qd2 Nbd7 11. Rad1 O-O 12. Ng5 h6 13. Nge4 Bxe4 14.
dxe4 Qxd2 15. Rxd2 Nb6 16. e5 Nfd5 17. Nxd5 cxd5 18. Rfd1 Rac8 19. Bb5 a6 20.
Bd3 Rc7 21. Rc1 Rfc8 22. c3 Nd7 23. Rdc2 Nxe5 24. Be2 b5 25. b3 Kf8 26. a3 Ke7
27. b4 Nd7 28. h3 Nb6 29. Bd1 Na4 30. Kf1 Kd6 31. Ke2 Nxc3+ 32. Kd3 Nxd1 33.
Rxc7 Nxf2+ 34. Ke2 Rxc7 35. Rxc7 Kxc7 36. Kxf2 Kd6 37. Ke3 f5 38. g3 e5 39. g4
g6 40. Kd3 d4 41. Ke2 Kd5 42. Kd3 e4+ 43. Ke2 Kc4 44. Kd2 Kb3 45. gxf5 gxf5 46.
h4 Kxa3 47. h5 Kxb4 48. Ke2 Kc3 49. Kd1 f4 50. Ke2 f3+ 51. Kf2 d3 52. Ke1 f2+
53. Kxf2 Kc2 54. Ke1 d2+ 55. Ke2 d1=Q+ 56. Ke3 Qxh5 57. Kxe4 Qg5 58. Kd4 h5 59.
Ke4 h4 60. Kf3 h3 61. Ke4 h2 62. Kd4 h1=Q 1/2-1/2

[Event "Torneo Nuevo Centro. Jornada 7"]
[Site "Chess.com"]
[Date "2020.07.31"]
[Round "2"]
[White "Beneyto de Ramon, Guillermo"]
[Black "Sanchis Bon, Sergi"]
[Result "1-0"]
[WhiteElo "1612"]
[BlackElo "965"]
[PlyCount "69"]
[EventDate "2020.??.??"]

1. c4 e5 2. Nc3 Qf6 3. g3 Bc5 4. Nf3 e4 5. Nxe4 Qc6 6. Nxc5 Qxc5 7. d3 Nc6 8.
Bg2 Qb4+ 9. Nd2 Qd6 10. O-O Nf6 11. Ne4 Nxe4 12. Bxe4 O-O 13. Bf4 Qe7 14. Qc2
f5 15. Bd5+ Kh8 16. a3 Nd4 17. Qd2 Nb3 18. Qe3 Qxe3 19. Bxe3 Nxa1 20. Rxa1 c6
21. Bg2 h6 22. b4 g5 23. f4 gxf4 24. Bxf4 a5 25. b5 cxb5 26. cxb5 b6 27. a4 Rb8
28. Bxb8 d5 29. Bf4 Re8 30. Kf2 Be6 31. Rc1 d4 32. Rc6 Bb3 33. Rxb6 Bxa4 34.
Bc6 Ra8 35. Bxa8 1-0

[Event "Torneo Nuevo Centro. Jornada 7"]
[Site "Chess.com"]
[Date "2020.07.31"]
[Round "2"]
[White "Galiana Fernández, Héctor"]
[Black "Rodriguez Rodriguez, Joan David"]
[Result "0-1"]
[WhiteElo "980"]
[BlackElo "1637"]
[PlyCount "66"]
[EventDate "2020.??.??"]

1. e4 e5 2. Nf3 Nc6 3. Bc4 Nf6 4. Ng5 d5 5. exd5 Na5 6. Bb5+ c6 7. dxc6 bxc6 8.
Be2 Bd6 9. d4 exd4 10. Qxd4 O-O 11. O-O Bxh2+ 12. Kxh2 Qxd4 13. Nc3 Bg4 14.
Bxg4 Qxg4 15. Nf3 Nc4 16. b3 Nd6 17. Re1 Rfe8 18. Be3 Nde4 19. Nxe4 Nxe4 20.
Bd4 c5 21. Bb2 Rad8 22. Ng1 Qh4+ 23. Nh3 Nxf2 24. Rxe8+ Rxe8 25. Rd1 Nxh3 26.
gxh3 Qf2+ 27. Kh1 Qf3+ 28. Kg1 Qxd1+ 29. Kf2 Qxc2+ 30. Kg3 Qxb2 31. Kf4 Qf6+
32. Kg4 h6 33. Kh5 Qg5# 0-1

[Event "Torneo Nuevo Centro. Jornada 7"]
[Site "Chess.com"]
[Date "2020.07.31"]
[Round "2"]
[White "Bosch Jordà, Ricard"]
[Black "Sendra Tormo, Juan"]
[Result "0-1"]
[WhiteElo "1908"]
[BlackElo "2283"]
[PlyCount "78"]
[EventDate "2020.??.??"]

1. e4 c5 2. Nf3 d6 3. d4 cxd4 4. Nxd4 Nf6 5. Nc3 g6 6. g3 Nc6 7. h3 Bg7 8. Be3
O-O 9. Bg2 Bd7 10. O-O Rc8 11. Qd2 Ne5 12. b3 Qa5 13. Nd5 Qd8 14. c4 Nc6 15.
Rad1 Re8 16. Kh2 b6 17. f4 Nxd4 18. Bxd4 Bc6 19. Bc3 Bxd5 20. exd5 Nd7 21. Bxg7
Kxg7 22. Rde1 b5 23. Qd4+ Kg8 24. f5 bxc4 25. bxc4 Ne5 26. Rc1 Qb6 27. Qxb6
axb6 28. fxg6 hxg6 29. Rf4 Nd3 30. Rcf1 Nxf4 31. Rxf4 Ra8 32. Rf2 Ra4 33. Rb2
Rf8 34. Rxb6 Rxc4 35. Ra6 Kg7 36. a4 Rb8 37. a5 Rb2 38. Rb6 Rxb6 39. axb6 Rb4
0-1

[Event "Torneo Nuevo Centro. Jornada 7"]
[Site "Chess.com"]
[Date "2020.07.31"]
[Round "2"]
[White "Lopez Mateo, Juan Carlos"]
[Black "Garcia, Jhoel"]
[Result "0-1"]
[WhiteElo "2330"]
[BlackElo "2405"]
[PlyCount "54"]
[EventDate "2020.??.??"]

1. e4 c5 2. Nf3 e6 3. b4 cxb4 4. d4 d5 5. e5 Ne7 6. a3 Nf5 7. axb4 Bxb4+ 8. c3
Be7 9. Bd3 O-O 10. g4 Nh4 11. Nxh4 Bxh4 12. O-O f5 13. Kh1 Nc6 14. gxf5 exf5
15. Na3 Kh8 16. Nb5 Be7 17. Bf4 a6 18. Qh5 g6 19. Qh6 Be6 20. Nd6 Qd7 21. Rg1
Rg8 22. Rg3 Bf8 23. Qh4 h5 24. Rag1 Kh7 25. Rxg6 Rxg6 26. Qxh5+ Rh6 27. Qxh6+
Bxh6 0-1

[Event "Torneo Nuevo Centro. Jornada 7"]
[Site "Chess.com"]
[Date "2020.07.31"]
[Round "2"]
[White "Cayon Pelaez, Pablo"]
[Black "Bendayán Claros, Aaron"]
[Result "0-1"]
[WhiteElo "1775"]
[BlackElo "1997"]
[PlyCount "67"]
[EventDate "2020.??.??"]

1. d4 d5 2. c4 e6 3. Nc3 c6 4. Bf4 Bd6 5. Bxd6 Qxd6 6. c5 Qc7 7. e3 Nd7 8. Nf3
f5 9. Bd3 Ngf6 10. Ng5 Nf8 11. f4 Ne4 12. Nf3 Ng6 13. O-O O-O 14. Ne5 Bd7 15.
Bxe4 fxe4 16. Qg4 Nxe5 17. fxe5 Rf5 18. Rf4 Raf8 19. Raf1 b6 20. Na4 b5 21. Nc3
Qd8 22. Rxf5 exf5 23. Qd1 g5 24. Qb3 Kh8 25. a4 a6 26. axb5 axb5 27. g3 f4 28.
exf4 gxf4 29. gxf4 Qh4 30. Qb4 Rg8+ 31. Kh1 Qh3 32. Rf2 Bg4 33. Ne2 Bf3+ 34.
Rxf3 0-1

[Event "Torneo Nuevo Centro. Jornada 7"]
[Site "Chess.com"]
[Date "2020.07.31"]
[Round "2"]
[White "Galcin Plitnikas, Artiom"]
[Black "Portillo Torrente, Manuel"]
[Result "0-1"]
[WhiteElo "858"]
[BlackElo "1389"]
[PlyCount "60"]
[EventDate "2020.??.??"]

1. d4 Nf6 2. Nf3 g6 3. Bf4 d6 4. e3 Bg7 5. Be2 O-O 6. O-O c5 7. c3 Nc6 8. h3
Qb6 9. Qb3 Be6 10. Bc4 Bxc4 11. Qxc4 Qxb2 12. Nbd2 cxd4 13. Rfb1 Qxc3 14. Qb5
Rab8 15. Rc1 Qa5 16. Qxa5 Nxa5 17. Nc4 Nxc4 18. Rxc4 dxe3 19. fxe3 Nd5 20. Bg3
Bxa1 21. Rh4 Nxe3 22. Ng5 h5 23. Re4 Nf5 24. Bf2 b6 25. Ra4 a5 26. Ra3 Bd4 27.
Bxd4 Nxd4 28. Re3 Nf5 29. Rc3 Rfc8 30. Rxc8+ Rxc8 0-1

[Event "Torneo Nuevo Centro. Jornada 7"]
[Site "Chess.com"]
[Date "2020.07.31"]
[Round "2"]
[White "Polikarpov, Anton"]
[Black "Rabbani Perez, Oumaima"]
[Result "1-0"]
[WhiteElo "1349"]
[BlackElo "632"]
[PlyCount "69"]
[EventDate "2020.??.??"]

1. e4 e6 2. d4 d5 3. e5 Nc6 4. Nf3 Nh6 5. Bb5 Bd7 6. Nc3 Bb4 7. O-O Bxc3 8.
bxc3 Nf5 9. Bg5 Qb8 10. Nh4 O-O 11. Nxf5 a6 12. Ne7+ Nxe7 13. Bxe7 Re8 14. Bxd7
Rxe7 15. Ba4 b5 16. Bb3 a5 17. a3 a4 18. Ba2 b4 19. Rb1 h6 20. Qg4 g6 21. cxb4
h5 22. Qg5 Qd8 23. c4 dxc4 24. Bxc4 c6 25. b5 cxb5 26. Bxb5 Rc8 27. Bxa4 Kg7
28. Bb5 Kh8 29. Ba6 Ra7 30. Qh6+ Kg8 31. Bxc8 Qxc8 32. Ra1 Qc3 33. a4 Qxd4 34.
Rfd1 Qxe5 35. Rd8# 1-0

[Event "Torneo Nuevo Centro. Jornada 7"]
[Site "Chess.com"]
[Date "2020.07.31"]
[Round "2"]
[White "Yuste Valenzuela, Alejandro"]
[Black "Chernikov, Vladimir"]
[Result "0-1"]
[WhiteElo "1907"]
[BlackElo "2214"]
[PlyCount "80"]
[EventDate "2020.??.??"]

1. e4 c5 2. Nf3 Nc6 3. d4 cxd4 4. Nxd4 e5 5. Nb5 d6 6. c4 Be7 7. N1c3 a6 8. Na3
f5 9. exf5 Bxf5 10. Bd3 Be6 11. O-O Nf6 12. Bg5 O-O 13. Bxf6 Bxf6 14. Nc2 g6
15. Ne3 Nd4 16. Ned5 Bg7 17. Rc1 Rc8 18. b3 Bh6 19. Rb1 Qg5 20. Ne4 Qd8 21.
Nec3 Rf7 22. Be2 Bf5 23. Bd3 Be6 24. Be2 Qf8 25. Bg4 Bf5 26. f4 exf4 27. Bxf5
Nxf5 28. Qd3 Ne3 29. Nxe3 fxe3 30. Rxf7 Qxf7 31. Rf1 Qe6 32. Ne2 Rf8 33. Rxf8+
Bxf8 34. Nd4 Qe5 35. Ne2 Qa1+ 36. Nc1 Qxc1+ 37. Qf1 Qxf1+ 38. Kxf1 Bg7 39. Ke2
Bd4 40. Kd3 Kf7 0-1

[Event "Torneo Nuevo Centro. Jornada 7"]
[Site "Chess.com"]
[Date "2020.07.31"]
[Round "2"]
[White "Chofre Murcia, Adrián"]
[Black "Méndez Giménez, Néstor Emmanuel"]
[Result "0-1"]
[WhiteElo "1674"]
[BlackElo "1186"]
[PlyCount "102"]
[EventDate "2020.??.??"]

1. e4 e6 2. Nc3 d5 3. exd5 exd5 4. d4 Nf6 5. Nf3 Bd6 6. Bd3 O-O 7. O-O b6 8.
Nb5 Bb7 9. Bg5 h6 10. Bh4 Be7 11. c3 Ne4 12. Bxe4 dxe4 13. Bxe7 Qxe7 14. Nd2 e3
15. Nf3 e2 16. Qd3 exf1=Q+ 17. Rxf1 Bxf3 18. Qxf3 Na6 19. Na3 Rae8 20. Nc4 Qe2
21. Qf4 Qxc4 22. Qd2 Qxa2 23. Qf4 Qxb2 24. Qg3 Re7 25. Qd3 Rfe8 26. Qxa6 Re1
27. g3 Qb1 28. Rxe1 Rxe1+ 29. Kg2 Qe4+ 30. Kh3 Qf5+ 31. Kg2 Qe4+ 32. Kh3 Qe6+
33. Kg2 Qc6+ 34. Kh3 Qe6+ 35. Kg2 Qd5+ 36. Kh3 h5 37. Qc8+ Kh7 38. Qxc7 Qf5+
39. Kg2 Qe4+ 40. Kh3 Qg4+ 41. Kg2 h4 42. h3 Qe4+ 43. f3 Re2+ 44. Kf1 Re1+ 45.
Kg2 Re2+ 46. Kf1 Qxf3+ 47. Kg1 Re1+ 48. Kh2 hxg3+ 49. Qxg3 Re2+ 50. Kg1 Qxg3+
51. Kf1 Qf2# 0-1

[Event "Torneo Nuevo Centro. Jornada 7"]
[Site "Chess.com"]
[Date "2020.07.31"]
[Round "2"]
[White "Gukasov, Artem"]
[Black "Maestre Soler, Sergio"]
[Result "1-0"]
[WhiteElo "1531"]
[BlackElo "935"]
[PlyCount "69"]
[EventDate "2020.??.??"]

1. e4 e5 2. Nf3 Bc5 3. Bc4 h6 4. Nc3 Nf6 5. d3 Ng4 6. O-O Nxf2 7. Rxf2 Bxf2+ 8.
Kxf2 O-O 9. h4 Nc6 10. Be3 d6 11. Nd5 Bg4 12. a4 Bxf3 13. Qxf3 Qxh4+ 14. Ke2 a6
15. Nxc7 Rac8 16. Nd5 a5 17. Bf2 Qd8 18. Qg3 Nd4+ 19. Bxd4 exd4 20. Rd1 Qe8 21.
Nf6+ Kh8 22. Nxe8 Rfxe8 23. Bxf7 Rf8 24. Bc4 Rf6 25. Rf1 Rcf8 26. Rxf6 Rxf6 27.
c3 dxc3 28. bxc3 d5 29. Bxd5 b6 30. Qe3 Kh7 31. e5 Rf8 32. Be4+ Kg8 33. Qxb6
Rf2+ 34. Kxf2 Kh8 35. Qg6 1-0

[Event "Torneo Nuevo Centro. Jornada 7"]
[Site "Chess.com"]
[Date "2020.07.31"]
[Round "2"]
[White "Kovacevic, Slobodan"]
[Black "Castellano López, Javier"]
[Result "1-0"]
[WhiteElo "2204"]
[BlackElo "1888"]
[PlyCount "79"]
[EventDate "2020.??.??"]

1. d4 Nf6 2. Nf3 b6 3. Bf4 Bb7 4. Nbd2 e6 5. e3 Be7 6. h3 O-O 7. c3 c5 8. Bd3
Nc6 9. O-O d5 10. Qb1 Bd6 11. Ne5 Ne7 12. a4 a6 13. Rd1 Ng6 14. Bh2 Qb8 15. f4
Bc8 16. Rf1 Qb7 17. Kh1 Bd7 18. Qd1 b5 19. Qc2 b4 20. Nxd7 Nxd7 21. f5 Bxh2 22.
fxg6 Bg3 23. gxf7+ Rxf7 24. Bxh7+ Kf8 25. Rxf7+ Kxf7 26. Qg6+ Ke7 27. Qxg7+ Kd6
28. Qxg3+ Kc6 29. Nf3 bxc3 30. bxc3 Qb2 31. Rb1 Qxc3 32. Qg6 Kd6 33. Ng5 Nf8
34. Qf6 Qxe3 35. Nf7+ Kc7 36. Qe7+ Nd7 37. Ne5 Rd8 38. Nxd7 Rxd7 39. Qxc5+ Kd8
40. Rb8# 1-0

[Event "Torneo Nuevo Centro. Jornada 7"]
[Site "Chess.com"]
[Date "2020.07.31"]
[Round "2"]
[White "Vega Gutiérrez, Sabrina"]
[Black "Salvador Buiza, Victor"]
[Result "1-0"]
[WhiteElo "2150"]
[BlackElo "1884"]
[PlyCount "95"]
[EventDate "2020.??.??"]

1. e4 e5 2. Nf3 Nc6 3. d4 exd4 4. Nxd4 Bc5 5. Nb3 Bb6 6. Nc3 Nf6 7. Bg5 O-O 8.
Qd2 Re8 9. O-O-O h6 10. Bh4 Nxe4 11. Nxe4 Qxh4 12. f3 d5 13. Qxd5 Be6 14. Qd2
Bxb3 15. axb3 Rad8 16. Qe1 Qxe1 17. Rxe1 f5 18. Bc4+ Kh7 19. Nc3 Be3+ 20. Kb1
f4 21. Nd5 Rd7 22. Nxf4 Na5 23. Be6 Rde7 24. Rxe3 g5 25. Bf5+ Kg7 26. Rxe7+
Rxe7 27. Nh5+ Kf7 28. Rd1 Re2 29. Rd7+ Ke8 30. Nf6+ Kf8 31. Bg6 Re7 32. Nh7+
Kg7 33. Rxe7+ Kxg6 34. Rxc7 Nc6 35. Rxb7 Ne5 36. Rxa7 g4 37. fxg4 Nxg4 38. h3
Nf2 39. Rc7 Ne4 40. b4 Nd6 41. c4 Nf7 42. Nf8+ Kg7 43. b5 Kg8 44. b6 Kxf8 45.
b7 Ke8 46. b8=Q+ Nd8 47. Rh7 Kf8 48. Qxd8# 1-0

[Event "Torneo Nuevo Centro. Jornada 7"]
[Site "Chess.com"]
[Date "2020.07.31"]
[Round "2"]
[White "Perrot, Fabien"]
[Black "Soler Nadal, Jose Antonio"]
[Result "0-1"]
[WhiteElo "963"]
[BlackElo "1556"]
[PlyCount "76"]
[EventDate "2020.??.??"]

1. d4 f5 2. c4 Nf6 3. Nc3 e6 4. Bg5 c6 5. e3 d5 6. c5 Be7 7. Bd3 O-O 8. Nf3
Nbd7 9. O-O Qc7 10. Qb3 h6 11. Bf4 Qd8 12. h3 Qe8 13. a4 g5 14. Bg3 Nh5 15. Bh2
Ndf6 16. Ne5 Ne4 17. Nxe4 fxe4 18. Be2 Bf6 19. Ng4 Bd8 20. Nxh6+ Kg7 21. Ng4
Nf6 22. Ne5 Bc7 23. Rac1 Nd7 24. Ng4 Bxh2+ 25. Kxh2 Nf6 26. Ne5 Nd7 27. Ng4 Qg6
28. Qc2 Nf6 29. Nxf6 Qxf6 30. Kg1 e5 31. Qc3 Qh6 32. Kh2 Re8 33. dxe5 Be6 34.
Rcd1 Rh8 35. Kg1 g4 36. h4 Qxh4 37. f3 g3 38. Rf2 Qh1# 0-1

[Event "Torneo Nuevo Centro. Jornada 7"]
[Site "Chess.com"]
[Date "2020.07.31"]
[Round "2"]
[White "Donate Moreno, Silvia"]
[Black "Pardo Ruiz, Carlos"]
[Result "0-1"]
[WhiteElo "1973"]
[BlackElo "1726"]
[PlyCount "88"]
[EventDate "2020.??.??"]

1. e4 Nf6 2. Nc3 e5 3. Nf3 Nc6 4. d4 exd4 5. Nxd4 Bb4 6. Nxc6 bxc6 7. Qf3 Qe7
8. Bd3 O-O 9. O-O d6 10. Bd2 Bc5 11. Rfe1 Rb8 12. b3 Bd4 13. Rad1 Bg4 14. Qg3
Bxd1 15. Nxd1 Kh8 16. c3 Bb6 17. Bg5 h6 18. Bf4 Nh5 19. Qf3 Nxf4 20. Qxf4 Qg5
21. Qf3 Rbe8 22. g3 Qd2 23. Rf1 Re6 24. e5 Rxe5 25. a4 Re6 26. Qf5 g6 27. Qf3
Kg7 28. b4 Rf6 29. Qe4 a5 30. bxa5 Bxa5 31. Qc4 Re8 32. Ne3 Bb6 33. Ng4 Rfe6
34. h4 h5 35. Nh2 d5 36. Qa6 Re1 37. Kg2 Rxf1 38. Bxf1 Qxf2+ 39. Kh3 Qf5+ 40.
Kg2 Re1 41. a5 Qf2+ 42. Kh3 Ra1 43. Qb7 Ra2 44. Nf3 Qxf1# 0-1

[Event "Torneo Nuevo Centro. Jornada 7"]
[Site "Chess.com"]
[Date "2020.07.31"]
[Round "2"]
[White "Macias Pino, Diego"]
[Black "Orts Tomás, Marc"]
[Result "0-1"]
[WhiteElo "2216"]
[BlackElo "1757"]
[PlyCount "104"]
[EventDate "2020.??.??"]

1. d4 Nf6 2. Nf3 e6 3. c4 b6 4. Nc3 Bb4 5. Bd2 Bb7 6. e3 Bxc3 7. Bxc3 Ne4 8.
Bb4 d6 9. Nd2 f5 10. Nxe4 Bxe4 11. Bc3 O-O 12. f3 Bb7 13. Be2 Qh4+ 14. g3 Qh6
15. Kf2 Nd7 16. b4 Rad8 17. Bf1 e5 18. d5 Nf6 19. Bg2 f4 20. e4 fxg3+ 21. hxg3
Ng4+ 22. Kf1 Qe3 23. Be1 Qxe4 24. Qe2 Qxe2+ 25. Kxe2 Nf6 26. Bc3 Ba6 27. b5 Bb7
28. a4 Rde8 29. a5 e4 30. f4 Bc8 31. axb6 axb6 32. Ra7 Bg4+ 33. Ke3 Rf7 34. Bd4
Bf5 35. Bxf6 gxf6 36. Rha1 Bg6 37. Rb7 f5 38. Raa7 Ree7 39. Bh3 Kg7 40. c5 Kf6
41. c6 Bh5 42. Rb8 Bd1 43. Ra3 Bf3 44. Rb3 Rg7 45. Rb2 Rxg3 46. Bf1 Bg4+ 47.
Kd4 Rf3 48. Bc4 Rxf4 49. Rh2 e3+ 50. Kd3 h5 51. Bb3 e2 52. Rf8+ Kg7 0-1

[Event "Torneo Nuevo Centro. Jornada 7"]
[Site "Chess.com"]
[Date "2020.07.31"]
[Round "2"]
[White "Perez Garcia, Jose Miguel"]
[Black "Jordan Martinez, Miguel"]
[Result "1/2-1/2"]
[WhiteElo "2040"]
[BlackElo "1881"]
[PlyCount "140"]
[EventDate "2020.??.??"]

1. g3 e6 2. Bg2 d5 3. c4 c6 4. Qc2 Nf6 5. Nf3 Be7 6. O-O b6 7. b3 O-O 8. Bb2
Bb7 9. d3 c5 10. Nbd2 Nc6 11. a3 d4 12. Rfb1 a5 13. Ng5 Qd7 14. Nge4 Nxe4 15.
Nxe4 f5 16. Nd2 e5 17. Bd5+ Kh8 18. e3 Rad8 19. Rd1 f4 20. exd4 Nxd4 21. Bxd4
Bxd5 22. Bxe5 Bb7 23. Bxf4 Qh3 24. Ne4 Rxf4 25. gxf4 Qg4+ 26. Kf1 Qxf4 27. Kg1
Rd6 28. Nxd6 Bxd6 29. Kf1 Bf3 30. Ke1 Qxh2 31. d4 Qg1+ 32. Kd2 Qxf2+ 33. Kc1
Qe3+ 34. Kb2 cxd4 35. Rd3 Qe4 36. Rf1 Be2 37. Re1 Qxd3 38. Rxe2 Qf3 39. Re8+
Bf8 40. Qe2 Qf7 41. Kc2 Kg8 42. Qe6 Qxe6 43. Rxe6 Bxa3 44. Rxb6 Bb4 45. Kd3 Bc3
46. c5 Kf7 47. c6 Ke7 48. Rb7+ Kd6 49. Rxg7 Kxc6 50. Rxh7 Kb5 51. Rb7+ Kc5 52.
Rb8 Kd5 53. Rb5+ Kc6 54. Rh5 Kb6 55. Kc4 Kc6 56. Rh6+ Kd7 57. Ra6 Kc7 58. Rh6
Kb7 59. Rh5 Kc6 60. Rh6+ Kb7 61. Kd3 Kc7 62. Rg6 Kb7 63. Rd6 Kc7 64. Rxd4 Bxd4
65. Kxd4 Kd6 66. Kc4 Kc6 67. Kc3 Kc5 68. Kb2 Kb4 69. Ka2 a4 70. bxa4 Kxa4
1/2-1/2